Burza dvojmesačník Burzy cenných papierov v Bratislave = Bimonthly magazine of the Bratislava Stock Exchange

Saved in:
Bibliographic Details
Format: Serial
Language:English
Slovak
Published: Bratislava Burza cenných papierov v Bratislave 2001
Subjects:
Tags: Add Tag
No Tags, Be the first to tag this record!

MARC

LEADER 00000nas2a2200000 4500
001 0013823
005 20180110140327.6
022 |a 1335-1435 
041 0 |a eng 
041 0 |a slo 
044 |a SK 
245 1 0 |a Burza  |b dvojmesačník Burzy cenných papierov v Bratislave = Bimonthly magazine of the Bratislava Stock Exchange 
264 1 |a Bratislava  |b Burza cenných papierov v Bratislave  |c 2001 
300 |a 1 zv.  |e CD ROM 
773 0 |w eu_un_cat*s120006 
610 2 0 |a burzy 
610 2 0 |a papiere cenné 
610 2 0 |a trh kapitálový 
610 2 0 |a trh finančný